#2 Women's Tennis Player from Each Country by Picture - Statistics

General Stats
  • This quiz has been taken 20 times
    8 since last reset
  • The average score is 17 of 65
Answer Stats
Picture Hint Answer % Correct
USA 🇺🇸 (#4) Amanda Anisimova
100%
Ukraine 🇺🇦 (#25) Marta Kostyuk
88%
Russia 🇷🇺 (#11) Ekaterina Alexandrova
75%
Canada 🇨🇦 (#28) Leylah Fernandez
75%
Belarus 🇧🇾 (#133) Victoria Azarenka
75%
China 🇨🇳 (#35) Xinyu Wang
75%
Colombia 🇨🇴 (#86) Emiliana Arango
63%
Poland 🇵🇱 (#30) Magdalena Frech
63%
Australia 🇦🇺 (#45) Maya Joint
63%
Germany 🇩🇪 (#51) Tatjana Maria
63%
Czech Republic 🇨🇿 (#29) Linda Noskova
50%
Italy 🇮🇹 (#64) Lucia Bronzetti
50%
UK 🇬🇧 (#53) Sonay Kartal
50%
Romania 🇷🇴 (#66) Sorana Cîrstea
50%
Kazakhstan 🇰🇿 (#60) Yulia Putintseva
50%
Japan 🇯🇵 (#87) Aoi Ito
38%
Netherlands 🇳🇱 (#135) Arantxa Rus
38%
Spain 🇪🇸 (#50) Jessica Bouzas Maneiro
38%
France 🇫🇷 (#81) Varvara Gracheva
38%
Hungary 🇭🇺 (#99) Dalma Gálfi
25%
Latvia 🇱🇻 (#110) Darja Semeņistaja
25%
Belgium 🇧🇪 (#115) Greet Minnen
25%
Argentina 🇦🇷 (#122) María Lourdes Carlé
25%
Georgia 🇬🇪 (#217) Mariam Bolkvadze
25%
Mexico 🇲🇽 (#179) Ana Sofia Sánchez
13%
Finland 🇫🇮 (#366) Anastasia Kulikova
13%
Dominican Republic 🇩🇴 (#1,340) Ana Zamburek
13%
Armenia 🇦🇲 (#T1,031) Ani Amiraghyan
13%
India 🇮🇳 (#414) Ankita Raina
13%
Croatia 🇭🇷 (#72) Antonia Ružić
13%
Chile 🇨🇱 (#536) Antonia Vergara Rivera
13%
Norway 🇳🇴 (#761) Astrid Brune Olsen
13%
Morocco 🇲🇦 (#942) Aya El Aouni
13%
Turkey 🇹🇷 (#330) Çağla Büyükakçay
13%
Peru 🇵🇪 (#642) Dana Guzmán
13%
Cyprus 🇨🇾 (#634) Daria Frayman
13%
Uzbekistan 🇺🇿 (#T1,208) Daria Shubina
13%
South Korea 🇰🇷 (#307) Dayeon Back
13%
Greece 🇬🇷 (#222) Despina Papamichail
13%
Taiwan 🇹🇼 (#326) En-Shuo Liang
13%
Hong Kong 🇭🇰 (#600) Eudice Chong
13%
Portugal 🇵🇹 (#215) Francisca Jorge
13%
South Africa 🇿🇦 (#958) Gabriella Broadfoot
13%
Thailand 🇹🇭 (#158) Lanlana Tararudee
13%
Brazil 🇧🇷 (#193) Laura Pigossi
13%
Sweden 🇸🇪 (#401) Lisa Zaar
13%
Ecuador 🇪🇨 (#983) Mell Reasco Gonzalez
13%
Israel 🇮🇱 (#T1,316) Mika Buchnik
13%
New Zealand 🇳🇿 (#566) Monique Barry
13%
Tunisia 🇹🇳 (#1,038) Mouna Bouzgarrou
13%
Serbia 🇷🇸 (#156) Nina Stojanović
13%
Lithuania 🇱🇹 (#660) Patricija Paukstyte
13%
Indonesia 🇮🇩 (#319) Priska Nugroho
13%
Egypt 🇪🇬 (#444) Sandra Samir
13%
Austria 🇦🇹 (#128) Sinja Kraus
13%
Bosnia & Herzegovina 🇧🇦 (#792) Suana Tucakovic
13%
Liechtenstein 🇱🇮 (#913) Sylvie Zünd
13%
Slovenia 🇸🇮 (#150) Tamara Zidanšek
13%
Slovakia 🇸🇰 (#226) Viktória Hrunčaková
13%
Switzerland 🇨🇭 (#70) Viktorija Golubic
13%
Denmark 🇩🇰 (#605) Johanne Svenden
0%
Estonia 🇪🇪 (#T1,448) Laura Rahnel
0%
Bulgaria 🇧🇬 (#314) Lia Karantancheva
0%
Israel 🇮🇱 (#T1,316) Maayan Laron
0%
North Macedonia 🇲🇰 (#T1,424) Magdalena Stoilkovska
0%
No matching quizzes found
Score Distribution
Percent of People with Each Score
Percentile by Number Answered
Your Score History
You have not taken this quiz since the last reset